Specifikacija programm: poňatije sredstva i ich organizacija /
Salvato in:
| Autore principale: | |
|---|---|
| Natura: | Libro |
| Lingua: | russo |
| Pubblicazione: |
Novosibirsk :
Nauka,
1987
|
| Tags: |
Nessun Tag, puoi essere il primo ad aggiungerne!!
|
MARC
| LEADER | 00000nam a22000003a 4500 | ||
|---|---|---|---|
| 001 | stu4724 | ||
| 005 | 20201020162052.4 | ||
| 008 | 931103s1987----xxr-----------------rus-d | ||
| 040 | |a STU |b slo | ||
| 041 | 0 | |a rus | |
| 044 | |a xxr | ||
| 080 | |a 519.683 | ||
| 080 | |a 681.32.06 | ||
| 100 | 1 | |a Agafonov, Valerij Nikolajevič |4 aut | |
| 245 | 1 | |a Specifikacija programm: poňatije sredstva i ich organizacija / |c [aut.] Agafonov,V.N | |
| 260 | |a Novosibirsk : |b Nauka, |c 1987 | ||
| 300 | |a 237 s | ||
| 996 | |b I3591 |c I*3591 |l II680 |s A |a 24 |w stu4724_0001 | ||